A tartalommarketing eszközeinek alkalmazása B2B környezetben egy konkrét vállalat példáján keresztül

Bibliográfiai részletek
Szerző: Kristyán Erika Katalin
További közreműködők: Szánthó Dr. Zsuzsanna
Dokumentumtípus: Diplomadolgozat
Kulcsszavak:Tartalommarketing
B2B marketing
Kommunikációs stratégia
Online Access:http://dolgozattar.uni-bge.hu/10109

MARC

LEADER 00000nta a2200000 i 4500
001 dolg10109
005 20221011143406.0
008 170429suuuu hu om 000 hun d
040 |a BGE Dolgozattár Repozitórium  |b hun 
041 |a hu 
100 1 |a Kristyán Erika Katalin 
245 1 2 |a A tartalommarketing eszközeinek alkalmazása B2B környezetben egy konkrét vállalat példáján keresztül  |c Kristyán Erika Katalin  |h [elektronikus dokumentum] 
695 |a Tartalommarketing 
695 |a B2B marketing 
695 |a Kommunikációs stratégia 
700 1 |a Szánthó Dr. Zsuzsanna  |e ths 
856 4 0 |u http://dolgozattar.uni-bge.hu/10109/1/Kristy%C3%A1n%20Erika_Szakdolgozat.pdf  |z Dokumentum-elérés